Efficiency effort (Record no. 77267)

MARC details
000 -LEADER
fixed length control field 00746cab a2200181 4500
001 - CONTROL NUMBER
control field ##L133934
008 - FIXED-LENGTH DATA ELEMENTS--GENERAL INFORMATION
fixed length control field 060622n2006 000 0 eng u
035 ## - SYSTEM CONTROL NUMBER
System control number (Sirsi) u133934
041 0# - LANGUAGE CODE
Language code of text/sound track or separate title eng
100 1# - MAIN ENTRY--PERSONAL NAME
Personal name Pickard, Martin
245 00 - TITLE STATEMENT
Title Efficiency effort
260 ## - PUBLICATION, DISTRIBUTION, ETC.
Date of publication, distribution, etc. 2006
490 #0 - SERIES STATEMENT
Series statement Premises and Facilities Management
Volume/sequential designation June 2006, 13-14(2)
520 ## - SUMMARY, ETC.
Summary, etc. This third article in the F word series tackles the challenge of increasing efficiency. Discusses implementing lean management methods to eliminate waste, exploiting the skills employees have developed in other jobs, and improving workspace design and energy use. (See also L133291 and L133619).
590 ## - LOCAL NOTE (RLIN)
Local note IKA040706
690 ## - LOCAL SUBJECT ADDED ENTRY--TOPICAL TERM (OCLC, RLIN)
Topical term or geographic name as entry element MANAGEMENT-FACILITIES MANAGEMENT
942 ## - ADDED ENTRY ELEMENTS (KOHA)
Suppress in OPAC 0
Holdings
Withdrawn status Lost status Source of classification or shelving scheme Damaged status Not for loan Home library Current library Shelving location Date acquired Total Checkouts Full call number Barcode Date last seen Copy number Price effective from Koha item type
    Dewey Decimal Classification     London London Journal article 22/06/2006   L133934 133934-1001 06/08/2019 1 06/08/2019 Journal article